Proposición sobre la formación con una base común y siguiendo procedimientos similares de la estadística de los movimientos migratorios estacionales dentro de un mismo país, en los Estados del Contimente Americano / (Record no. 94707)

MARC details
000 -LEADER
campo de control de longitud fija 00675nam a2200169 i 4500
001 - NÚMERO DE CONTROL
campo de control 94707
003 - IDENTIFICADOR DE NÚMERO DE CONTROL
campo de control ES-MaACL
005 - FECHA Y HORA DE LA ÚLTIMA TRANSACCIÓN
campo de control 20230906181534.0
007 - CAMPO FIJO DE DESCRIPCIÓN FÍSICA--INFORMACIÓN GENERAL
campo de control de longitud fija t|
008 - DATOS DE LONGITUD FIJA--INFORMACIÓN GENERAL
campo de control de longitud fija 050512s1939 mx ||||1| spa d
100 1# - ENTRADA PRINCIPAL--NOMBRE DE PERSONA
Nombre de persona Loyo, Gilberto.
9 (RLIN) 74403
245 10 - MENCIÓN DEL TÍTULO
Título Proposición sobre la formación con una base común y siguiendo procedimientos similares de la estadística de los movimientos migratorios estacionales dentro de un mismo país, en los Estados del Contimente Americano /
Mención de responsabilidad, etc. por Gilberto Loyo y Emilio Alaino Patiño.
260 ## - PUBLICACIÓN, DISTRIBUCIÓN, ETC.
Lugar de publicación, distribución, etc. México :
Nombre del editor, distribuidor, etc. La Nación,
Fecha de publicación, distribución, etc. 1939.
300 ## - DESCRIPCIÓN FÍSICA
Extensión 7 p. ;
Dimensiones 23 cm.
700 1# - ENTRADA AGREGADA--NOMBRE PERSONAL
Nombre de persona Alaino Patiño, Emilio.
9 (RLIN) 19085
852 ## - LOCALIZACIÓN
Ubicación ES-MaACL
Número de control de estantería 1818-F-25
Holdings
Estatus retirado Estado de pérdida Estado de daño No para préstamo Colección Biblioteca de origen Biblioteca actual Ubicación en estantería Fecha de adquisición Fuente de adquisición Total de préstamos Signatura topográfica completa Código de barras Visto por última vez Precio de reemplazo Tipo de ítem Koha
        Colección de folletos Biblioteca del Ateneo de Madrid Biblioteca del Ateneo de Madrid Depósito folletos 17/01/2008     1818-F-25 1098907 23/02/2023 23/02/2023 Folleto